000 00342nam a2200133Ia 4500
005 20260328101507.0
008 260328s9999||||xx |||||||||||||| ||und||
100 _aLaffont, Robert
245 0 _aHistoire de Paris et des Parisiens /
_cRobert Laffont
260 _bEditions Du Pont Royal
300 _a274 p.
650 _aHISTORIA
942 _cBK
999 _c9076
_d9076